Statystyki dla Kto występuje na banknotach?

Kliknij tutaj aby rozwiązać quiz!

Ogólne statystyki

  • Ten quiz został rozwiązany 43 razy
  • Średni wynik to 4 z 5

Statystyki odpowiedzi

Odpowiedź% Poprawnych
Mieszko
100%
Bolesław Chrobry
90%
Kazimierz Wielki
85%
Władysław Jagiełło
75%
Zygmunt Stary
53%

Rozkład punktacji

Percentyl według liczby udzielonych odpowiedzi

Procent ludzi z każdym wynikiem

Twoja historia wyników

Nie rozwiązałeś tego quizu